000 00512nam a22001817a 4500
003 SEM
005 20220608073140.0
008 160318b xxu||||| |||| 00| 0 eng d
020 _a9789939837109
040 _a ՍԷՄ
_c ՍԷՄ
041 _aeng.
245 _aWonders of Armenia
_b[Album] /
_cAreg publishing house
260 _aYerevan:
_bAreg publishing house
_c2015.
300 _a128 p.;
_bcol. ill.;
_c30 cm.
650 _aArmenian history
_xalbum
710 _aAreg publishing house
942 _2udc
_cBK
999 _c64301
_d64301